000 00328nam a2200133Ia 4500
008 230917s9999||||xx |||||||||||||| ||und||
040 _e70795
_aMAIN
041 _aEnglish
082 _a332.456 E24E
245 0 _aExchange control
260 _aNew Delhi
_bIndian Investment Centre
_c1965
300 _avii, 60 p.
942 _cBK
999 _c203070
_d203070